000 00913nam a2200193Ii 4500
003 JO-AjNU
008 230605s9999||||xx |||||||||||||| ||und||
040 _aJO-AjNU
_bara
_erda
_cJO-AjNU
041 _aara
050 1 4 _aJX4270.17.D38 1982
100 3 _aتاليف الداؤدى، غالب علي,
_eauthor
_945958
245 0 0 _aالقانون الدولي الخاص: الجنسية والمركز القانوني للاجانب وأحكامها في القانون العراقي : الصف الرابع سياسة
264 3 1 _aبغداد: وزارة التعليم العالي والبحث العلمي، 1982
300 _a282ص
336 _atext
_btxt
_2rdacontent
337 _aunmediated
_bn
_2rdamedia
338 _avolume
_bnc
_2rdacarrier
650 4 _aالمواطنة - قوانين وتشريعات - العراق -الجنسية - القانون الدولي الخاص - العراق
_945959
999 _aA19959
_c23527
_d23527